00304nam a2200121 i 4500001000300000100001600003245007700019260001900096040000800115041000800123080001000131008004100141bg1 aBALL, W. J. 0aSteps to fluency in spoken English /cW.J. Ball. Part 1: Teacher's book. aLondon,c1968. cBPK apol a802.0 s pl f |000 0 pol